| 000 | 01398cam a2200325 4500500 | ||
|---|---|---|---|
| 005 | 20251228052822.0 | ||
| 041 | _afre | ||
| 042 | _adc | ||
| 100 | 1 | 0 |
_aPyle, Robert Michael _eauthor |
| 700 | 1 | 0 |
_aLefèvre, Mathias _eauthor |
| 245 | 0 | 0 | _aL’extinction de l’expérience |
| 260 | _c2016. | ||
| 500 | _a91 | ||
| 520 | _aLe développement urbain se traduit par une érosion de la diversité biologique au niveau local. Cette disparition locale d’espèces menace alors notre expérience de la nature, accentuant notre séparation d’avec les choses naturelles et, partant, la crise écologique. | ||
| 520 | _aThe urban growth results in an erosion of the biological diversity at the local level. This local extinction of species thus threatens our experience of nature, increasing our estrangement from things natural and therefore the ecological crisis. | ||
| 690 | _abiophilie | ||
| 690 | _adiversité biologique | ||
| 690 | _aexpérience | ||
| 690 | _aExtinction | ||
| 690 | _ahabitat | ||
| 690 | _anature | ||
| 690 | _abiological diversity | ||
| 690 | _abiophilia | ||
| 690 | _aexperience | ||
| 690 | _aExtinction | ||
| 690 | _ahabitat | ||
| 690 | _anature | ||
| 786 | 0 | _nÉcologie & Politique | 53 | 2 | 2016-12-01 | p. 185-196 | 1166-3030 | |
| 856 | 4 | 1 | _uhttps://shs.cairn.info/revue-ecologie-et-politique-2016-2-page-185?lang=fr&redirect-ssocas=7080 |
| 999 |
_c1584591 _d1584591 |
||